|
|
|
|
| LEADER |
00610cam a2200193ua 4500 |
| 008 |
051209s1987 g b000 u Eng u |
| 020 |
|
|
|a 0-12-140753-5
|c D 29.95
|
| 044 |
|
|
|a
|
| 082 |
1 |
4 |
|a 620.8 M7
|
| 100 |
1 |
|
|a Bu Lock, John.
|
| 245 |
0 |
0 |
|a Basic biotechnology /
|h Textual Documents
|
| 260 |
|
|
|a London : Academic Press ,
|c 1987.
|
| 300 |
|
|
|a ;
|
| 365 |
|
|
|a D 29.95
|
| 650 |
|
0 |
|a Chemical engineering
|
| 700 |
1 |
|
|a Kristian Sen, Bjarn.
|
| 942 |
|
|
|c BK
|
| 999 |
|
|
|c 103951
|d 103951
|
| 952 |
|
|
|0 0
|1 0
|4 0
|6 620_800000000000000_M7
|7 0
|9 98588
|a SCS
|b SCS
|d 2014-06-26
|h D 29.95
|l 0
|o 620.8 M7
|p SCS00494
|r 2014-06-26
|w 2014-06-26
|y BK
|